00429nam a2200121Ia 4500008004100000024006300041082001900104100007400123245002500197260002500222600002700247650003300274250506s9999 xx 000 0 und d a10B-51-EE, 10B-56-EE, 10B-68-EE, 10B-76-EE & 10B-78-EE a670.427072 SIK aSikandar, S. Shariq Ahmed, M. Tayyab, M. Faran Akhtar & Javaria Zahid 0aStair Climbing Robot aKarachi:bUIT,c2010 aElectronic Engineering aBachelor of Engineering (BE)